5HLuxD.jpg

KING HENRY VIII SENIOR AND PRIMARY SCHOOL LIBRARY OPAC

The hobbit, or, there and back again / (Record no. 34)

000 -LEADER
fixed length control field 01337cam a22003497a 4500
001 - CONTROL NUMBER
control field 17658561
003 - CONTROL NUMBER IDENTIFIER
control field OSt
005 - DATE AND TIME OF LATEST TRANSACTION
control field 20190724100439.0
008 - FIXED-LENGTH DATA ELEMENTS--GENERAL INFORMATION
fixed length control field 130314s2012 mauab j 000 1 eng d
010 ## - LIBRARY OF CONGRESS CONTROL NUMBER
LC control number 2012545250
020 ## - INTERNATIONAL STANDARD BOOK NUMBER
International Standard Book Number 9780547928227 (pbk.)
020 ## - INTERNATIONAL STANDARD BOOK NUMBER
International Standard Book Number 054792822X (pbk.)
035 ## - SYSTEM CONTROL NUMBER
System control number (OCoLC)ocn772099491
040 ## - CATALOGING SOURCE
Original cataloging agency BTCTA
Language of cataloging eng
Transcribing agency BTCTA
Modifying agency KH8
042 ## - AUTHENTICATION CODE
Authentication code lccopycat
082 04 - DEWEY DECIMAL CLASSIFICATION NUMBER
Classification number FIC TOL
Edition number 22
100 1# - MAIN ENTRY--PERSONAL NAME
Personal name Tolkien, J. R. R.
Fuller form of name (John Ronald Reuel),
Dates associated with a name 1892-1973.
245 14 - TITLE STATEMENT
Title The hobbit, or, there and back again /
Statement of responsibility, etc. J.R.R. Tolkien.
246 30 - VARYING FORM OF TITLE
Title proper/short title Hobbit
246 30 - VARYING FORM OF TITLE
Title proper/short title There and back again
250 ## - EDITION STATEMENT
Edition statement 1st Mariner Books ed., 75th anniversary ed.
260 ## - PUBLICATION, DISTRIBUTION, ETC.
Place of publication, distribution, etc. Boston :
Name of publisher, distributor, etc. Houghton Mifflin Harcourt,
Date of publication, distribution, etc. 2012.
300 ## - PHYSICAL DESCRIPTION
Extent 300 p. :
Other physical details ill., maps ;
Dimensions 21 cm.
500 ## - GENERAL NOTE
General note Originally published: 1937.
500 ## - GENERAL NOTE
General note "Mariner books."
520 ## - SUMMARY, ETC.
Summary, etc. Bilbo Baggins, a respectable, well-to-do hobbit, lives comfortably in his hobbit-hole until the day the wandering wizard Gandalf chooses him to take part in an adventure from which he may never return.
600 10 - SUBJECT ADDED ENTRY--PERSONAL NAME
Personal name Baggins, Bilbo
Form subdivision Juvenile fiction.
650 #0 - SUBJECT ADDED ENTRY--TOPICAL TERM
Topical term or geographic name entry element Middle Earth (Imaginary place)
Form subdivision Juvenile fiction.
906 ## - LOCAL DATA ELEMENT F, LDF (RLIN)
a 7
b cbc
c copycat
d 2
e ncip
f 20
g y-gencatlg
942 ## - ADDED ENTRY ELEMENTS (KOHA)
Source of classification or shelving scheme
Koha item type Books - Fiction
Holdings
Withdrawn status Lost status Source of classification or shelving scheme Damaged status Not for loan Collection code Permanent Location Current Location Shelving location Date acquired Total Checkouts Full call number Barcode Date last seen Date last checked out Price effective from Koha item type Public note
Withdrawn         Fiction KH8 Senior School Library KH8 Senior School Library Fiction 2019-07-24 2 FIC TOL 3KHSL000101062 2020-09-08 2020-03-16 2019-07-24 Books - Fiction LOST
          Fiction KH8 Senior School Library KH8 Senior School Library Fiction 2024-10-22 1 FIC TOL 3KHSL000102105 2025-04-24 2025-02-27 2024-10-22 Books - Fiction  

Powered By KH8 IT Dept